000 00752nam a2200289Ia 4500
005 20260324120624.0
008 008 260324s9999 xx 000 0 eng d
020 _a9781315611426
037 _aEBOOK
040 _aCRL
040 _beng
040 _cCRL
041 _2eng
041 _aeng
084 _qCRL
100 _aUrsula Naue; Torsten Heinemann; Thomas Lemke; Ilpo Helén; Martin Weiss
_91159308
245 0 _aSuspect Families
245 0 _bDNA Analysis, Family Reunification and Immigration Policies
260 _bTaylor and Francis
260 _c2015
365 _a
365 _b230
856 _uhttp://www.taylorfrancis.com/books/9781315611426
942 _cEBOOK
999 _c1750935
_d1750935